000 00485nam a2200169Ia 4500
008 230711s9999||||xx |||||||||||||| ||und||
020 _a978-0-07-048374-3
041 _aENG
082 _a629.89
_bMA-M
100 _aMahalik,Nitaigour Premchand
245 0 _aMechatronics: principles, concepts and applications
250 _a1st . Ed.
260 _c2003
_aNew Delhi
_bMcGraw Hill Education(India) Private Limited
300 _a588p.
650 _aMechanical Engineering
942 _cBK
999 _c5890
_d5890